000 00382nam a2200145Ia 4500
008 240624s9999 xx 000 0 und d
041 _aeng
082 _a344.01 KUM
100 _aKUMAR H L
245 _aPRACTICAL GUIDE TO LABOUR MANAGEMENT A T
250 _a(4th ed.)
260 _c2004
_aDelhi
_bUniversal Law Publishing
300 _axxxviii, : 457 : p. : cm. ; 22
365 _cRS
999 _c2522
_d2522